000 00638nam a22001937a 4500
999 _c4835
_d4835
003 URS
005 20220117120537.0
008 190716s2009 ph ||||| |||| 001 0 eng |
020 _a9789712354144
040 _aURS
_cURS
_erda
050 1 4 _aLB1050.53
_b.B4569 2015
100 _aBernardo, Alejandro S.
245 _aDevelopmental reading 1/
_cAlejandro S. Bernardo
260 _aSampaloc, Manila
_bRex book store, Inc.
_c2009
300 _a416 pages :
_billustrations ;
_c25 cm.
524 _aBernardo A. S. (2009). Developmental reading 1/ Sampaloc Manila, Ph : Rex book store, Inc.
856 _3www.rexpublishing.com.ph
942 _2lcc
_cF